000 00531nam a2200181 i 4500
001 9345
003 ES-MaACL
005 20230906145644.0
007 t|
008 930809s1987 sp ||||1| spa d
080 _a86.0(72)-14"19"
080 _a86.0(72)(Arnaiz Amigo, A.7 S.01)
100 1 _aArnaiz Amigo, Aurora.
_923022
245 1 0 _aSin retorno
_b: poesía en voz baja /
_cAurora Arnaiz Amigo.
260 _aMéxico :
_bMiguel Angel Porrua,
_ccop. 1987.
300 _a48 p. ;
_c17 cm.
852 _aES-MaACL
_jL-16975
_bR.119907
999 _c9345
_d9345